000 00440nam a2200181Ia 4500
001 20657
005 20260306172822.0
008 260306t2013||||xx |||||||||||||| ||spa||
041 _aESP
082 _a343.6
_bG45
100 _aGil Botero, Enrique
_eAUT
245 0 _aResponsabilidad extracontractual del estado
260 _c2013
300 _a774 páginas :
_c24 cm.
650 _aGEN
654 _aCDE
942 _cLIB
_dJUS
_fJUS
_2ddc
_n
999 _c20657
_d20657